PALESTRA DEL CLERO. RIVISTA DI CULTURA E PRATICA ECCLESIASTICA. VOL, II 1932. (Record n. 323563)
[ formato base ]
| 000 -LEADER | |
|---|---|
| fixed length control field | 01825nas a2200277Ia 4500 |
| 001 - CONTROL NUMBER | |
| control field | R262-R5115 |
| 003 - CONTROL NUMBER IDENTIFIER | |
| control field | IT-CnALBA |
| 008 - FIXED-LENGTH DATA ELEMENTS--GENERAL INFORMATION | |
| fixed length control field | 170116c99999999xx |||||||||||| ||und|| |
| 040 ## - CATALOGING SOURCE | |
| Original cataloging agency | IT-CnALBA |
| Transcribing agency | IT-CnALBA |
| 041 ## - LANGUAGE CODE | |
| Language code of text/sound track or separate title | ITALIANO |
| 999 ## - SYSTEM CONTROL NUMBERS (KOHA) | |
| Koha Dewey Subclass [OBSOLETE] | SI |
| 100 ## - MAIN ENTRY--PERSONAL NAME | |
| Personal name | BUONINCONTRO ENRICO, MONS. |
| 210 ## - ABBREVIATED TITLE | |
| Abbreviated title | PALESTRA DEL CLERO |
| 222 ## - KEY TITLE | |
| Key title | PALESTRA DEL CLERO |
| 245 #0 - TITLE STATEMENT | |
| Title | PALESTRA DEL CLERO. RIVISTA DI CULTURA E PRATICA ECCLESIASTICA. VOL, II 1932. |
| 250 ## - EDITION STATEMENT | |
| Edition statement | 1a ed. |
| 260 ## - PUBLICATION, DISTRIBUTION, ETC. (IMPRINT) | |
| Place of publication, distribution, etc. | PA ROV. BELL. |
| Name of publisher, distributor, etc. | ISTIT. VEN. ARTI GRAF. |
| Date of publication, distribution, etc. | 1932 [1° Ed.:1932 - Ed.Ling.Originale: 1932] |
| 300 ## - PHYSICAL DESCRIPTION | |
| Extent | 576 p. |
| 310 ## - CURRENT PUBLICATION FREQUENCY | |
| Current publication frequency | TRIMENSILE |
| 362 ## - DATES OF PUBLICATION AND/OR SEQUENTIAL DESIGNATION | |
| Dates of publication and/or sequential designation | Fascicolo: 1-18 / Anno: 11 (1932) |
| 500 ## - GENERAL NOTE | |
| General note | ATTI DELLE CONGREGAZIONI. AZIONE CATTOLICA. ESEGESI BIBLICA, SALTERIO. TEOLOGIA PASTORALE. MANCINI A. DIRITTO CANONICO, DIRITTO DI ACCUSA NEI PROCESSI MATRIMONIALI. BUTTIGNONI G. LA NUOVA LEGGE SULLE CLASSI RURALI. NOTA BOLLETTINO UFFICIALE AZIONE CATTOLICA. SOLLECITAZIONE E MATRIMONIO. CASI E CONSULTAZIONI. VITO P. CAUSE ESCUSANTI DAL CORO, MAURO P. DA GRIZZANA. FRATE VINCENZO DA OSTRA. DAVANTI AL SANTISSIMO PER L'ACQUISIZIONE DELLE INDULGENZE. RECENSIONI. NITIZIARIO. |
| 501 ## - WITH NOTE | |
| With note | Società San Paolo EM - Piazza San Paolo, 14 - 12051 ALBA (CN) (non commercial uses only) ® Copyright 2017 |
| 520 ## - SUMMARY, ETC. | |
| Summary, etc. | ATTI DELLE CONGREGAZIONI. AZIONE CATTOLICA. ESEGESI BIBLICA, SALTERIO. TEOLOGIA PASTORALE. MANCINI A. DIRITTO CANONICO, DIRITTO DI ACCUSA NEI PROCESSI MATRIMONIALI. BUTTIGNONI G. LA NUOVA LEGGE SULLE CLASSI RURALI. NOTA BOLLETTINO UFFICIALE AZIONE CATTOLICA. SOLLECITAZIONE E MATRIMONIO. CASI E CONSULTAZIONI. VITO P. CAUSE ESCUSANTI DAL CORO, MAURO P. DA GRIZZANA. FRATE VINCENZO DA OSTRA. DAVANTI AL SANTISSIMO PER L'ACQUISIZIONE DELLE INDULGENZE. RECENSIONI. NITIZIARIO. |
| 650 ## - SUBJECT ADDED ENTRY--TOPICAL TERM | |
| Topical term or geographic name as entry element | ECCLESIOLOGIA |
| 942 ## - ADDED ENTRY ELEMENTS (KOHA) | |
| Koha item type | RIVISTA |
| 957 ## - | |
| -- | 1 |
| 999 ## - SYSTEM CONTROL NUMBERS (KOHA) | |
| -- | 1 |
| Withdrawn status | Lost status | Damaged status | Not for loan | Home library | Current library | Date acquired | Total Checkouts | Full call number | Date last seen | Price effective from | Koha item type | Public note |
|---|---|---|---|---|---|---|---|---|---|---|---|---|
| Buone Condizioni | Not For Loan | ALBA - Biblioteca | ALBA - Biblioteca | 16/01/2017 | R262-R5115 | 16/01/2017 | 16/01/2017 | RIVISTA | (data import: 16 gennaio 2017) - By Epidotti, Vaglietti. |